| Tag |
First Indicator |
Second Indicator |
Subfields |
| LEADER |
00000cam a2200000 a 4500 |
| 001 |
in00000097195 |
| 005 |
20220103134623.0 |
| 007 |
cr unu a |
| 008 |
821113s1981 xx a b 00010 eng d |
| 035 |
|
|
|9 AAK9072AM
|
| 035 |
|
|
|a (OCoLC)08955275
|
| 040 |
|
|
|a TXA
|c TXA
|d UtOrBLW
|
| 049 |
|
|
|a TXAZ [Also in] [Archives]
|c 1 [1804810], 2 [1804811]
|
| 099 |
|
|
|a 1981
|a Thesis
|a O96
|
| 100 |
1 |
|
|a Overholser, Dewey George,
|d 1954-
|
| 245 |
1 |
0 |
|a Locus of control in hearing impaired children /
|c by Dewey George Overholser.
|
| 264 |
|
1 |
|a [Place of publication not identified] :
|b [publisher not identified] ;
|c 1981.
|
| 300 |
|
|
|a vii, 63 leaves :
|b illustrations ;
|c 29 cm.
|
| 336 |
|
|
|a text
|b txt
|2 rdacontent
|
| 337 |
|
|
|a computer
|b c
|2 rdamedia
|
| 338 |
|
|
|a online resource
|b cr
|2 rdacarrier
|
| 500 |
|
|
|a "Major subject: Psychology."
|
| 500 |
|
|
|a Typescript (photocopy).
|
| 500 |
|
|
|a Vita.
|
| 502 |
|
|
|b M.S.
|c Texas A&M University
|d 1981.
|
| 504 |
|
|
|a Bibliography: leaves 27-31.
|
| 530 |
|
|
|a Also available online.
|
| 650 |
|
0 |
|a Deaf children.
|
| 650 |
|
0 |
|a Deafness in children.
|
| 650 |
|
0 |
|a Reinforcement (Psychology)
|
| 650 |
|
4 |
|a Major psychology.
|
| 856 |
4 |
1 |
|u https://hdl.handle.net/1969.1/ETD-TAMU-1981-THESIS-O96
|z Link to OAKTrust copy
|t 0
|
| 999 |
|
|
|a MARS
|
| 999 |
f |
f |
|s 50f8d4b2-b22a-3a54-933c-91da82218fb4
|i 2613dd40-a3ab-37e0-8cca-125d74053f8b
|t 0
|
| 952 |
f |
f |
|p noncirc
|a Texas A&M University
|b J.J. Pickle Campus
|c High Density Repository
|s HDR
|d Remote Storage
|t 0
|e 1981 Thesis O96
|h Other scheme
|i computer -- online resource
|m A14841000456
|
| 952 |
f |
f |
|a Texas A&M University
|b College Station
|c Electronic Resources
|s www_evans
|d Available Online
|t 0
|e 1981 Thesis O96
|h Other scheme
|
| 998 |
f |
f |
|a 1981 Thesis O96
|t 0
|l Available Online
|
| 998 |
f |
f |
|a 1981 Thesis O96
|t 0
|l Remote Storage
|